| 000 | 02364nam a22004337a 4500 | ||
|---|---|---|---|
| 003 | EG-GICUC | ||
| 005 | 20260704121102.0 | ||
| 008 | 260704s2022 ua a|||frm||| 000 0 eng d | ||
| 040 |
_aEG-GICUC _beng _cEG-GICUC _dEG-GICUC _erda |
||
| 041 | 0 |
_aeng _beng _bara |
|
| 049 | _aDeposit | ||
| 082 | 0 | 4 | _a120 |
| 092 |
_a120 _221 |
||
| 097 | _aPh.D | ||
| 099 | _aCai01.16.01.Ph.D.2022.Ra.I | ||
| 100 | 0 |
_aRabab Helmy Mahmoud Ahmed, _epreparation. |
|
| 245 | 1 | 0 |
_aImpact of Severe Early Childhood Caries on Different Health Parameters / _cby Rabab Helmy Mahmoud Ahmed ; Supervised Prof.Dr. Nancy Ahmed Fakhry , Prof.Dr. Mohamed Abou El-Yazeed Ahmed , Prof.Dr. Tamer Gad Rashed , Prof.Dr. Ghada Abd El-Wahab Ahmed. |
| 246 | 1 | 5 | _aتأثير تسوس الأسنان الحاد في مرحلة الطفولة المبكرة على مختلف المؤشرات الصحية / |
| 264 | 0 | _c2022. | |
| 300 |
_a188 p. : _billustrations ; _c25 cm. + _eCD. |
||
| 336 |
_atext _2rda content |
||
| 337 |
_aUnmediated _2rdamedia |
||
| 338 |
_avolume _2rdacarrier |
||
| 502 | _aThesis (Ph.D)-Cairo University,2022- Faculty of African Studies - Department of Anthropology | ||
| 504 | _aBibliography: p.159-181. | ||
| 520 | _aEarly childhood caries (ECC) is the most common chronic disease among young children. It is a significant public health problem. Its Severe form (S-ECC) has impact on different health aspects. Many children suffering from S-ECC are believed to be malnourished, anemic, underweight, and have altered somatic growth patterns. Thus, S-ECC lead to nutritional deficiency anemia and poor oral healthrelated quality of life | ||
| 530 | _aIssues also as CD. | ||
| 546 | _aText in English and abstract in Arabic & English. | ||
| 650 | 0 | _aSevere Early Childhood Caries | |
| 653 | 1 | _aGrowth | |
| 700 | 0 |
_aNancy Ahmed Fakhry _ethesis advisor. |
|
| 700 | 0 |
_aMohamed Abou El-Yazeed Ahmed _ethesis advisor. |
|
| 700 | 0 |
_aTamer Gad Rashed _ethesis advisor. |
|
| 700 | 0 |
_aGhada Abd El-Wahab Ahmed _ethesis advisor. |
|
| 900 |
_b01-01-2022 _cNancy Ahmed Fakhry , Prof.Dr. , Prof.Dr. , Prof.Dr. _cMohamed Abou El-Yazeed Ahmed _cTamer Gad Rashed _cGhada Abd El-Wahab Ahmed. _UCairo University _FFaculty of African Studies _D Department of Anthropology |
||
| 905 | _aShimaa | ||
| 942 |
_2ddc _cTH _e21 _n0 |
||
| 999 | _c180684 | ||